Statistics for Top 15 Countries with Covid-19 Deaths - 8 Mar 2021

Click here to take the quiz!

General Stats

  • This quiz has been taken 11 times
  • The average score is 17 of 24

Answer Stats

country% Correct
France
100%
Germany
100%
Russia
100%
United Kingdom
100%
United States
100%
Brazil
91%
India
91%
Italy
91%
Spain
91%
Argentina
82%
Belgium
82%
Mexico
82%
Peru
73%
Colombia
64%
South Africa
64%
Bulgaria
55%
Portugal
55%
Iran
45%
Slovenia
45%
Bosnia and
Herzegovina
36%
Czechia
36%
Hungary
36%
North Macedonia
27%
Slovakia
27%

Score Distribution

Percentile by Number Answered

Percent of People with Each Score

Your Score History

You have not taken this quiz